000 00307nam a2200109Ia 4500
005 20251222144739.0
008 251222s9999||||xx |||||||||||||| ||spa||
082 _a249.75/C76
245 0 _aNormás Fundamentales de la Formación Sacerdotal
264 _bCongregación de la Enseñanza Católica
942 _cLIB
999 _c18883
_d18883